00614nam a2200169 i 450000100060000000300090000600500170001500700030003200800410003510000250007624501120010126000590021330000210027250000720029371000550036585200240042072103ES-MaACL20230906171326.0t|040826s1926 sp ||||1| spa d1 aGil y Ruiz, Rodrigo.10aProyecto de investigación de yacimientos de combustibles minerales líquidos / cpor Rodrigo Gil y Ruiz. aMadrid : b[s.n., c1926] (fImp. de la Ciudad Lineal) a23 p. ; c25 cm. aPrecede al tit.: Geos, Instituto Privado de Geofísica Práctica.2 aGeos, Instituto Privado de Geofísica Práctica. aES-MaACLj1757-F-38